000
00326nam a2200145Ia 4500
005
20251222152556.0
008
251222s9999||||xx |||||||||||||| ||spa||
020
_a
8424301196
082
_a
808.8/M32
100
_a
May Alcott, Luisa
245
0
_a
Aquellas Mujercitas
250
_a
1ra. ed.
264
_b
Fher
942
_c
LIB
999
_c
26426
_d
26426